Linear algebra
Saved in:
| Main Authors: | , |
|---|---|
| Format: | Book |
| Language: | English |
| Published: |
Boston ; Basel ; Berlin :
Birkhauser,
c1997.
|
| Subjects: | |
| Tags: |
Add Tag
No Tags, Be the first to tag this record!
|
MARC
| LEADER | 00000cam a2200000 a 4500 | ||
|---|---|---|---|
| 001 | 1/123748 | ||
| 008 | 211018t1197####us | ||| |||| ||eng|| | ||
| 020 | |a 0817639993 | ||
| 040 | |a GR-MyUa |b gre |c GR-MyUa |e AACR2 | ||
| 041 | 0 | |a eng | |
| 082 | 7 | |a 512.5 |2 (23) | |
| 100 | 1 | |a Kwak, Jin Ho, |d 1948- | |
| 245 | 1 | 0 | |a Linear algebra / |c Jin Ho Kwak, Sungpyo Hong. |
| 260 | |a Boston ; |a Basel ; |a Berlin : |b Birkhauser, |c c1997. | ||
| 300 | |a vi, 369 σ. ; |c 25 εκ. | ||
| 504 | |a Περιέχει ευρετήριο. | ||
| 650 | 0 | |a Algebras - Linear. | |
| 700 | 1 | |a Hong, Sungpyo, |d 1948- |e aut | |
| 852 | |a INST |b SAMOS |e 20211018 |h 512.5 KWA |p 005300047155 |q 005300047155 |t BK |y 0 | ||
| 970 | |a Φιλιππή |b Φάλη |z 18-10-2021 | ||